Plataforma Cultura Pazcífico / (Registro nro. 15395)

Detalles MARC
000 -LEADER
fixed length control field 01431nam a22003017a 4500
003 - CONTROL NUMBER IDENTIFIER
control field OSt
005 - DATE AND TIME OF LATEST TRANSACTION
control field 20210316122248.0
008 - FIXED-LENGTH DATA ELEMENTS--GENERAL INFORMATION
fixed length control field 210316s2016 ck aod|gr|||| 00| 0 spa d
040 ## - CATALOGING SOURCE
Original cataloging agency CO-JMCR
Transcribing agency CO-JMCR
041 0# - LANGUAGE CODE
Language code of text/sound track or separate title spa
082 04 - DEWEY DECIMAL CLASSIFICATION NUMBER
Classification number 303.4 /
Item number O121p
Edition number 23
100 1# - MAIN ENTRY--PERSONAL NAME
Personal name Obando, Viviana,
Relator term autora
9 (RLIN) 36156
245 10 - TITLE STATEMENT
Title Plataforma Cultura Pazcífico /
Remainder of title textos, Viviana Obando, Leydi Higidio, Ana María Acosta [y otros 2] ; fotografías, Augusto Gallo, Néstor Betancourt y Renso Delgado
250 ## - EDITION STATEMENT
Edition statement Primera edición
260 ## - PUBLICATION, DISTRIBUTION, ETC.
Place of publication, distribution, etc. Santiago de Cali :
Name of publisher, distributor, etc. Fundación de la Sociedad Portuaria de Buenaventura,
Date of publication, distribution, etc. 2016
300 ## - PHYSICAL DESCRIPTION
Extent 107 páginas :
Other physical details ilustraciones y fotografías a color ;
Dimensions 22 cm.
505 0# - FORMATTED CONTENTS NOTE
Formatted contents note Plataforma Cultura Pazcífico -- Primeros alcances de la PCP entre agosto de 2015 y enero 2016 -- Recomendaciones por parte del equipo consultor
650 14 - SUBJECT ADDED ENTRY--TOPICAL TERM
Topical term or geographic name entry element Desarrollo sostenible
Geographic subdivision Pacífico (Región, Colombia)
9 (RLIN) 36157
650 24 - SUBJECT ADDED ENTRY--TOPICAL TERM
Source of heading or term Creatividad
General subdivision Cultura
Geographic subdivision Pacífico (Región, Colombia)
9 (RLIN) 36158
650 24 - SUBJECT ADDED ENTRY--TOPICAL TERM
Source of heading or term Innovación
General subdivision Cultura
Geographic subdivision Pacífico (Región, Colombia)
9 (RLIN) 36158
650 24 - SUBJECT ADDED ENTRY--TOPICAL TERM
Source of heading or term Desarrollo social
Geographic subdivision Pacífico (Región, Colombia)
9 (RLIN) 36159
700 1# - ADDED ENTRY--PERSONAL NAME
Personal name Higidio, Leydi,
Relator term autora
9 (RLIN) 36160
700 1# - ADDED ENTRY--PERSONAL NAME
Personal name Acosta, Ana María,
Relator term autora
9 (RLIN) 36161
700 1# - ADDED ENTRY--PERSONAL NAME
Personal name Gallo, Augusto,
Relator term fotógrafo
9 (RLIN) 36162
700 1# - ADDED ENTRY--PERSONAL NAME
Personal name Betancourt, Néstor,
Relator term fotógrafo
9 (RLIN) 36163
700 1# - ADDED ENTRY--PERSONAL NAME
Personal name Delgado, Renso,
Relator term fotógrafo
9 (RLIN) 36164
942 ## - ADDED ENTRY ELEMENTS (KOHA)
Source of classification or shelving scheme Dewey Decimal Classification
Koha item type Books
Existencias
Withdrawn status Lost status Source of classification or shelving scheme Damaged status Not for loan Collection code Home library Current library Shelving location Date acquired Source of acquisition Total Checkouts Full call number Barcode Date last seen Date last checked out Copy number Price effective from Koha item type
    Dewey Decimal Classification     Non-fiction Biblioteca Pública José María del Castillo y Rada Biblioteca Pública José María del Castillo y Rada Book Cart 10/02/2020 Donación 1 303.4 / O121p 201810406 11/26/2024 11/25/2024 Ej.1 03/16/2021 Books
    Dewey Decimal Classification     Non-fiction Biblioteca Pública José María del Castillo y Rada Biblioteca Pública José María del Castillo y Rada Book Cart 01/15/2026 Donación   303.4 / O12p 201807672 01/15/2026   Ej.2 01/15/2026 Books